Normal view
MARC view
Entry Personal Name
001 - CONTROL NUMBER
- control field: 29114
003 - CONTROL NUMBER IDENTIFIER
- control field: OSt
005 - DATE AND TIME OF LATEST TRANSACTION
- control field: 20220113170656.0
008 - FIXED-LENGTH DATA ELEMENTS
- fixed length control field: 220113|| aca||aabn | a|a d
040 ## - CATALOGING SOURCE
- Original cataloging agency: OSt
- Transcribing agency: OSt
100 ## - HEADING--PERSONAL NAME
- Personal name: Kumar, Nomita P. and Baliyan, Kavita
670 ## - SOURCE DATA FOUND
- Source citation: Work cat.: (OSt)518310: Kumar, Nomita P. and Baliyan, Kavita, Investigating determinates of declining participation of women in Uttar Pradesh rural: An inter-district analysis
